Investigación sobre la historia de la ciudad de México /

Estudios sobre la historia de la ciudad de México en donde se tratan temas como la creación de fraccionamientos, en especial la Colonia Guerrero; el comercio exterior, la migración, la mortalidad, la situación de los conventos, entre otros.

שמור ב:
מידע ביבליוגרפי
פורמט: ספר
שפה:ספרדית
סדרה:(Cuadernos de Trabajo del Departamento de Investigaciones Históricas ; 22)
נושאים:
תגים: הוספת תג
אין תגיות, היה/י הראשונ/ה לתייג את הרשומה!

MARC

LEADER 00000nam^a2200000^a^4500
001 000130999
005 20250521000000.0
009 20260310095009.108
037 |a Acervo ITESO - Biblioteca 
041 |a ESP 
082 |a 972. 532  |b INV V. 3 
245 0 0 |a Investigación sobre la historia de la ciudad de México /  |c M.D. Morales... [et al.]. 
264 |a México :  |b INAH, Departamento de Investigaciones Históricas,  |c 1978 
300 |a 191 p. 
336 |a texto  |b txt  |2 rdacontenido 
337 |a sin mediación  |b n  |2 rdamedio 
338 |a volumen  |b nc  |2 rdasoporte 
440 1 |a (Cuadernos de Trabajo del Departamento de Investigaciones Históricas ;  |v 22) 
520 |a Estudios sobre la historia de la ciudad de México en donde se tratan temas como la creación de fraccionamientos, en especial la Colonia Guerrero; el comercio exterior, la migración, la mortalidad, la situación de los conventos, entre otros. 
649 |a XX 
650 |a Fraccionamientos -  |z México (Ciudad) -  |x Historia 
650 |a Fraccionamientos -  |z México -  |x Historia 
650 |a Construcción -  |z México (Ciudad) -  |x Historia 
650 |a Construcción -  |z México -  |x Historia 
650 |a Urbanismo -  |z México (Ciudad) -  |x Historia 
650 |a Urbanismo -  |z México -  |x Historia 
650 |a Comercio Exterior -  |z México (Ciudad) -  |x Historia 
650 |a Comercio Exterior -  |z México -  |x Historia 
650 |a Carne -  |z México (Ciudad) -  |x Industria y Comercio 
650 |a Carne -  |z México -  |x Industria y Comercio 
650 |a Industria Alimenticia -  |z México (Ciudad) -  |x Historia 
650 |a Industria Alimenticia -  |z México -  |x Historia 
650 |a Economía -  |z México (Ciudad) -  |x Historia 
650 |a Economía -  |z México -  |x Historia 
650 |a Conventos y Monasterios -  |z México (Ciudad) -  |x Historia 
650 |a Conventos y Monasterios -  |z México -  |x Historia 
650 |a Mortalidad -  |z México (Ciudad) -  |x Historia 
650 |a Mortalidad -  |z México -  |x Historia 
650 |a Demografía -  |z México (Ciudad) -  |x Historia 
650 |a Demografía -  |z México -  |x Historia 
650 |a México (Ciudad) -  |x Historia -  |y Epoca Colonial, 1517-1821 
650 |a México (Ciudad) -  |x Historia -  |y Siglo XIX 
650 |a México -  |x Historia -  |y Epoca Colonial, 1517-1821 
650 |a México -  |x Historia -  |y Siglo XIX 
910 |a Fondo Salvador Reynoso Reynoso 
920 |a Impresos - Libros 
930 |a Fondos Especiales 
905 |a 112 
901 |a 0800011823  |b IT2  |c ESP  |u 20250521 
902 |a https://opac.biblio.iteso.mx/vufind/Record/000130999